000 00285nam a22001337a 4500
008 170715b xxu||||| |||| 00| 0 eng d
020 _a2900030328199
041 _aeng
080 _24TH
_a572
100 _a24
101 _aANT
245 _aYANOMAMO
_cCHAGNON, N.A
942 _2udc
_cBK
999 _c21058
_d21058